MARC details
| 000 -CABECERA |
| campo de control de longitud fija |
02003nam a2200361 i 4500 |
| 001 - NÚMERO DE CONTROL |
| campo de control |
000013296 |
| 003 - IDENTIFICADOR DEL NÚMERO DE CONTROL |
| campo de control |
DO-SdBNP |
| 005 - FECHA Y HORA DE LA ÚLTIMA TRANSACCIÓN |
| campo de control |
20250416133652.0 |
| 007 - CAMPO FIJO DE DESCRIPCIÓN FÍSICA--INFORMACIÓN GENERAL |
| campo de control de longitud fija |
ta |
| 008 - DATOS DE LONGITUD FIJA--INFORMACIÓN GENERAL |
| campo de control de longitud fija |
091123s2006 dr ac r 000 e spa d |
| 020 ## - NÚMERO INTERNACIONAL ESTÁNDAR DEL LIBRO |
| Número Internacional Estándar del Libro |
9993430838 |
| 040 ## - FUENTE DE LA CATALOGACIÓN |
| Centro catalogador/agencia de origen |
DO-SdBNP |
| Lengua de catalogación |
spa |
| Centro/agencia transcriptor |
BNPHU |
| Normas de descripción |
rda |
| 082 #4 - NÚMERO DE LA CLASIFICACIÓN DECIMAL DEWEY |
| Número de clasificación |
RD864.44 |
| Número de documento/Ítem |
U26t |
| Número de edición |
22 |
| 100 1# - ENTRADA PRINCIPAL--NOMBRE DE PERSONA |
| Nombre de persona |
Ugarte, María, |
| Fechas asociadas al nombre |
1914- |
| 9 (RLIN) |
23239 |
| Término indicativo de función/relación |
autora |
| 245 10 - MENCIÓN DE TÍTULO |
| Título |
Textos literarios / |
| Mención de responsabilidad, etc. |
María Ugarte ; edición y prólogo, Jeannette Miller. |
| 264 ## - PRODUCCIÓN, PUBLICACIÓN, DISTRIBUCIÓN, FABRICACIÓN Y COPYRIGHT |
| Producción, publicación, distribución, fabricación y copyright |
Santo Domingo : |
| Nombre del de productor, editor, distribuidor, fabricante |
Banco Central de la República Dominicana, |
| Fecha de producción, publicación, distribución, fabricación o copyright |
2006. |
| 300 ## - DESCRIPCIÓN FÍSICA |
| Extensión |
391 páginas : |
| Otras características físicas |
ilustraciones, retratos ; |
| Dimensiones |
23 cm. |
| 336 ## - TIPO DE CONTENIDO |
| Fuente |
rdacontent |
| Término de tipo de contenido |
texto |
| Código de tipo de contenido |
txt |
| 337 ## - TIPO DE MEDIO |
| Fuente |
rdamedia |
| Nombre/término del tipo de medio |
sin mediación |
| Código del tipo de medio |
n |
| 338 ## - TIPO DE SOPORTE |
| Fuente |
rdacarrier |
| Nombre/término del tipo de soporte |
volumen |
| Código del tipo de soporte |
nc |
| 490 ## - MENCIÓN DE SERIE |
| Mención de serie |
Banco Central de la República Dominicana |
| Designación de volumen o secuencia |
80 |
| 490 ## - MENCIÓN DE SERIE |
| Mención de serie |
Arte y Literatura |
| Designación de volumen o secuencia |
30 |
| 500 ## - NOTA GENERAL |
| Nota general |
Incluye índice de personas, instituciones y lugares históricos |
| 500 ## - NOTA GENERAL |
| Nota general |
Incluye biografía de la autora en las paginas 538-545. |
| 505 1# - NOTA DE CONTENIDO CON FORMATO |
| Nota de contenido con formato |
Presentación -- |
| Título |
Prólogo / |
| Mención de responsabilidad |
Jeannette Miller. Los textos de María Ugarte -- |
| Título |
Artículos aparecidos en el periódico La Nación (1944) -- |
| -- |
Prólogos y presentaciones de libros -- |
| -- |
Entrevistas y artículos publicados en el suplemento sabatino del periódico El Caribe (1973-1986) -- |
| -- |
Comentarios sobre libros publicados en el suplemento sabatino del periódico El Caribe (1970-2000) -- |
| -- |
Reseñas aparecidas en la columna "Publicaciones recientes" del periódico El Caribe (1978-1979) -- |
| -- |
Semblanzas -- |
| -- |
Estampas coloniales-- |
| -- |
Artículos varios-- |
| -- |
Biografía-- |
| -- |
Índice de personajes, instituciones y lugares históricos. |
| 590 ## - NOTA LOCAL (RLIN) |
| Nota local |
Inventariado, 2024/BT |
| 600 14 - PUNTO DE ACCESO ADICIONAL DE MATERIA--NOMBRE DE PERSONA |
| Nombre de persona |
Ugarte, María, |
| Fechas asociadas al nombre |
1914- |
| Subdivisión general |
Colección de escritos |
| 9 (RLIN) |
30493 |
| 650 #4 - PUNTO DE ACCESO ADICIONAL DE MATERIA--TÉRMINO DE MATERIA |
| Término de materia o nombre geográfico como elemento de entrada |
Literatura |
| Subdivisión general |
Ensayos, conferencias, etc. |
| 9 (RLIN) |
8705 |
| 650 #4 - PUNTO DE ACCESO ADICIONAL DE MATERIA--TÉRMINO DE MATERIA |
| Término de materia o nombre geográfico como elemento de entrada |
Literatura dominicana |
| Subdivisión general |
Historia y crítica |
| Subdivisión cronológica |
Siglo XX |
| 9 (RLIN) |
22986 |
| 700 1# - PUNTO DE ACCESO ADICIONAL--NOMBRE DE PERSONA |
| Nombre de persona |
Miller, Jeannette, |
| Fechas asociadas al nombre |
1944- |
| Término indicativo de función/relación |
prólogo y editora |
| 9 (RLIN) |
83484 |
| 910 ## - DATOS DE OPCIÓN DEL USUARIO (OCLC) |
| Datos de opción del usuario |
Validado. Control de calidad. MMOLINA |
| 942 ## - ELEMENTOS DE PUNTO DE ACCESO ADICIONAL (KOHA) |
| Fuente del sistema de clasificación o colocación |
Dewey Decimal Classification |
| Tipo de ítem Koha |
Libro |